Managing & Organizations: (Record no. 137)

MARC details
000 -LEADER
fixed length control field 00611nam a22002057a 4500
003 - CONTROL NUMBER IDENTIFIER
control field OSt
005 - DATE AND TIME OF LATEST TRANSACTION
control field 20200128160017.0
008 - FIXED-LENGTH DATA ELEMENTS--GENERAL INFORMATION
fixed length control field 140707b xxu||||| |||| 00| 0 eng d
020 ## - INTERNATIONAL STANDARD BOOK NUMBER
International Standard Book Number 9780857020413
040 ## - CATALOGING SOURCE
Transcribing agency DDC
082 ## - DEWEY DECIMAL CLASSIFICATION NUMBER
Edition number 22nd ed.
Classification number 658.1 CLE 2011
Item number C
100 ## - MAIN ENTRY--PERSONAL NAME
Personal name Clegg, Stewart; Kornberger, Martin; Pitsis, Tyrone
9 (RLIN) 363
245 ## - TITLE STATEMENT
Title Managing & Organizations:
Remainder of title an introduction to theory & practice
250 ## - EDITION STATEMENT
Edition statement 3rd ed.
260 ## - PUBLICATION, DISTRIBUTION, ETC. (IMPRINT)
Name of publisher, distributor, etc. Sage,
Date of publication, distribution, etc. 2011
300 ## - PHYSICAL DESCRIPTION
Extent xxix,682p;
Other physical details col.ill
Dimensions 25cm
504 ## - BIBLIOGRAPHY, ETC. NOTE
Bibliography, etc Bibliography, Glossary, index,cradit included
650 ## - SUBJECT ADDED ENTRY--TOPICAL TERM
Topical term or geographic name as entry element Management
9 (RLIN) 364
942 ## - ADDED ENTRY ELEMENTS (KOHA)
Source of classification or shelving scheme Other/Generic Classification Scheme
Koha item type Open Shelf
Holdings
Withdrawn status Lost status Source of classification or shelving scheme Damaged status Not for loan Home library Current library Date acquired Source of acquisition Inventory number Total Checkouts Full call number Barcode Date last seen Koha item type Date last checked out
    Dewey Decimal Classification     MUST Main Library MUST Main Library 07/07/2014 Donation 14/37640   658.1 CLE 2011 2014-0253 07/07/2014 Open Shelf  
    Dewey Decimal Classification     MUST Main Library MUST Main Library 07/07/2014 Donation 14/37641 1 658.1 CLE 2011 2014-0254 24/10/2016 Open Shelf 18/10/2016
    Dewey Decimal Classification     MUST Main Library MUST Main Library 07/07/2014 Purchase 14/37639   658.1 CLE 2011 2014-0255 07/07/2014 Open Shelf